Decodificador del Imperio Español - Estadísticas

Estadísticas generales
  • Esta prueba ha sido intentada 1.118 veces
  • La puntuación promedio es 9 de 18
Estadísticas de respuestas
Pista Respuesta % Correcto
L Capital del Virreinato del Perú hasta 1821 Lima
87%
C El reino de Isabel la Católica Castilla
86%
A El reino de Fernando el Católico Aragón
85%
T Capital del imperio antes de Madrid Toledo
78%
I Imperio sudamericano conquistado por Pizarro Incaico
77%
C El hidalgo que conquistó a los Aztecas (apellido) Cortés
74%
S Reino del sur de Italia bajo dominio español Sicilia
69%
E Los responsables del "Desastre del 98" (País) Estados Unidos
64%
E Mítica ciudad amazónica buscada por los conquistadores El Dorado
58%
L Territorio francés de América del Norte obtenido en 1762 Luisiana
50%
O Puerto argelino bajo dominio español durante dos siglos Orán
35%
S Primera ciudad española permanente en América Santo Domingo
32%
Los Reyes Católicos
20%
S El nombre de la Bogotá colonial Santafé de Bogotá
19%
O Explorador que navegó por el río Amazonas (apellido) de {Orellana}
15%
Y Los españoles fundaron San Francisco con este nombre Yerba Buena
9%
Ó Dominio español también conocido como Transisalania Overijssel
7%
R Tribunal y órgano administrativo en las colonias Real Audiencia
7%
No se encontraron pruebas coincidentes
Distribución de puntuación
Porcentaje de gente con cada puntuación
Porcentaje por número respondido
Historial de tus puntuaciones
No has intentado esta prueba.